Normal view
MARC view
Entry Personal Name
001 - CONTROL NUMBER
- control field: 604
003 - CONTROL NUMBER IDENTIFIER
- control field: OSt
005 - DATE AND TIME OF LATEST TRANSACTION
- control field: 20150704145755.0
008 - FIXED-LENGTH DATA ELEMENTS
- fixed length control field: 150704|| aca||aabn | a|a d
040 ## - CATALOGING SOURCE
- Original cataloging agency: OSt
- Transcribing agency: OSt
100 ## - HEADING--PERSONAL NAME
- Personal name: Gupta, Bela Dutt
670 ## - SOURCE DATA FOUND
- Source citation: Work cat.: (OSt)7916: Gupta, Bela Dutt, Sociology in india, 1972









